[Event "Vienna Chess Open 2019"]
[Site "Vienna"]
[Date "2019.08.22"]
[Round "7.12"]
[White "Rubil, Marko"]
[Black "Bawart, Markus"]
[Result "1-0"]
[WhiteElo "2248"]
[BlackElo "2364"]
[Annotator "NA"]
[PlyCount "130"]
[EventDate "2019.08.17"]
[EventType "swiss"]
[EventCountry "AUT"]
[SourceTitle "playchess.com"]
[Source "ChessBase"]
[SourceQuality "1"]
[TimeControl "40/5400+30:1800+30"]

1. e4 {[%emt 0:00:00]} Nf6 {[%emt 0:00:00]} 2. e5 {[%emt 0:00:00]} Nd5 {[%emt 0:00:00]} 3. d4 {[%emt 0:00:00]} d6 {[%emt 0:00:00]} 4. c4 {[%emt 0:00:00]} Nb6 {[%emt 0:00:00]} 5. exd6 {[%emt 0:00:00]} cxd6 {[%emt 0:00:01]} 6. Nc3 {[%emt 0:00:00]} g6 {[%emt 0:00:07]} 7. Be3 {[%emt 0:00:04]} Bg7 {[%emt 0:00:04]} 8. Rc1 {[%emt 0:00:05]} O-O {[%emt 0:00:06]} 9. b3 {[%emt 0:00:07]} N6d7 {[%emt 0:00:43]} 10. g3 {[%emt 0:23:03]} Nf6 {[%emt 0:03:11]} 11. h3 {[%emt 0:03:28]} d5 {[%emt 0:01:50]} 12. Bg2 {[%emt 0:01:42]} dxc4 {[%emt 0:00:15]} 13. bxc4 {[%emt 0:00:06]} Qa5 {[%emt 0:03:11]} 14. Nge2 {[%emt 0:03:57]} Nc6 {[%emt 0:00:51]} 15. O-O {[%emt 0:01:58]} Qa6 {[%emt 0:00:57]} 16. Qa4 {[%emt 0:23:05]} Qxa4 {[%emt 0:01:14]} 17. Nxa4 {[%emt 0:00:02]} Rd8 {[%emt 0:02:22]} 18. Rfd1 {[%emt 0:01:47]} e6 {[%emt 0:02:44]} 19. Kh2 {[%emt 0:05:45]} Bf8 {[%emt 0:03:19]} 20. Nec3 {[%emt 0:08:49]} Bd7 {[%emt 0:00:51]} 21. Bg5 {[%emt 0:08:53]} Be7 {[%emt 0:01:00]} 22. Nc5 {[%emt 0:00:36]} Be8 {[%emt 0:17:07]} 23. Nxb7 {[%emt 0:04:48]} Rxd4 {[%emt 0:16:52]} 24. Nb5 {[%emt 0:00:41]} Rxd1 {[%emt 0:03:17]} 25. Rxd1 {[%emt 0:00:00]} Ne5 {[%emt 0:12:05]} 26. Nc7 {[%emt 0:02:08]} Rc8 {[%emt 0:00:51]} 27. Nxe8 {[%emt 0:00:19]} Rxe8 {[%emt 0:00:36]} 28. c5 {[%emt 0:01:55]} Rc8 {[%emt 0:04:38]} 29. f4 {[%emt 0:04:49]} Nc4 {[%emt 0:01:07]} 30. Rc1 {[%emt 0:03:23]} Ne3 {[%emt 0:00:10]} 31. Bxf6 {[%emt 0:00:56]} Bxf6 {[%emt 0:00:07]} 32. Nd6 {[%emt 0:00:01]} Rb8 {[%emt 0:03:44]} 33. c6 {[%emt 0:02:09]} Bd8 {[%emt 0:00:11]} 34. Nb7 {[%emt 0:00:35]} Bb6 {[%emt 0:02:03]} 35. Bf3 {[%emt 0:00:25]} Kf8 {[%emt 0:02:47]} 36. Rc3 {[%emt 0:01:14]} Rc8 {[%emt 0:03:05]} 37. a4 {[%emt 0:00:54]} Nd5 {[%emt 0:05:27]} 38. Bxd5 {[%emt 0:00:37]} exd5 {[%emt 0:00:01]} 39. a5 {[%emt 0:00:20]} Bd4 {[%emt 0:03:25]} 40. Rc2 {[%emt 0:00:42]} Ke7 {[%emt 0:00:37]} 41. Kg2 {[%emt 0:09:44]} Be3 {[%emt 0:01:51]} 42. Kf3 {[%emt 0:05:28]} d4 {[%emt 0:01:55]} 43. Ke4 {[%emt 0:03:43]} h5 {[%emt 0:02:24]} 44. g4 {[%emt 0:02:47]} hxg4 {[%emt 0:02:17]} 45. hxg4 {[%emt 0:00:01]} f5+ {[%emt 0:07:43]} 46. gxf5 {[%emt 0:03:38]} gxf5+ {[%emt 0:01:50]} 47. Kxf5 {[%emt 0:03:44]} Rf8+ {[%emt 0:00:30]} 48. Ke4 {[%emt 0:00:25]} Rxf4+ {[%emt 0:00:06]} 49. Kd3 {[%emt 0:03:25]} Rf8 {[%emt 0:00:56]} 50. Rc5 {[%emt 0:01:38]} Ke6 {[%emt 0:01:53]} 51. Ke4 {[%emt 0:00:36]} Rf4+ {[%emt 0:00:28]} 52. Kd3 {[%emt 0:00:00]} Rf8 {[%emt 0:00:17]} 53. Ke4 {[%emt 0:00:08]} Rf4+ {[%emt 0:00:03]} 54. Kd3 {[%emt 0:00:02]} Rf8 {[%emt 0:00:02]} 55. Rc2 {[%emt 0:00:57]} Kd5 {[%emt 0:01:55]} 56. Rc5+ {[%emt 0:00:02]} Ke6 {[%emt 0:00:12]} 57. Rc2 {[%emt 0:00:04]} Kd5 {[%emt 0:00:41]} 58. Rc5+ {[%emt 0:00:06]} Ke6 {[%emt 0:00:01]} 59. Kc4 {[%emt 0:00:31]} d3 {[%emt 0:01:12]} 60. Rh5 {[%emt 0:02:54]} d2 {[%emt 0:00:29]} 61. Rh1 {[%emt 0:00:31]} Rc8 {[%emt 0:01:42]} 62. Kd3 {[%emt 0:00:39]} Bg5 {[%emt 0:00:38]} 63. Ke4 {[%emt 0:00:29]} Rxc6 {[%emt 0:00:38]} 64. Rg1 {[%emt 0:00:31]} Rc4+ {[%emt 0:01:13]} 65. Kd3 {[%emt 0:00:30]} Rc1 {[%emt 0:00:12]} 1-0

[Event "Vienna Chess Open 2019"]
[Site "Vienna"]
[Date "2019.08.23"]
[Round "8.1"]
[White "Shengelia, David"]
[Black "Peralta, Fernando"]
[Result "1/2-1/2"]
[WhiteElo "2523"]
[BlackElo "2572"]
[Annotator "ChessBase"]
[PlyCount "44"]
[EventDate "2019.08.17"]
[EventType "swiss"]
[EventCountry "AUT"]
[SourceTitle "playchess.com"]
[Source "ChessBase"]
[SourceQuality "1"]
[TimeControl "40/5400+30:1800+30"]

1. d4 {[%emt 0:00:00]} Nf6 {[%emt 0:00:04]} 2. c4 {[%emt 0:00:07]} e6 {[%emt 0:00:12]} 3. Nc3 {[%emt 0:00:49]} Bb4 {[%emt 0:00:10]} 4. e3 {[%emt 0:00:42]} O-O {[%emt 0:00:15]} 5. Nf3 {[%emt 0:00:36]} d5 {[%emt 0:00:47]} 6. Bd2 {[%emt 0:01:08]} b6 {[%emt 0:00:30]} 7. cxd5 {[%emt 0:01:08]} exd5 {[%emt 0:00:11]} 8. Rc1 {[%emt 0:00:38]} Bb7 {[%emt 0:00:29]} 9. Bd3 {[%emt 0:01:00]} Be7 {[%emt 0:00:31]} 10. O-O {[%emt 0:02:12]} c5 {[%emt 0:00:18]} 11. Ne5 {[%emt 0:01:35]} Nc6 {[%emt 0:01:01]} 12. Be1 {[%emt 0:02:08]} Bd6 {[%emt 0:01:47]} 13. Nxc6 {[%emt 0:37:29]} Bxc6 {[%emt 0:00:40]} 14. b3 {[%emt 0:08:28]} Re8 {[%emt 0:06:05]} 15. g3 {[%emt 0:09:10]} Qd7 {[%emt 0:07:11]} 16. Qf3 {[%emt 0:01:44]} Ne4 {[%emt 0:07:45]} 17. Qg2 {[%emt 0:07:38]} cxd4 {[%emt 0:22:44]} 18. exd4 {[%emt 0:00:05]} Rac8 {[%emt 0:00:08]} 19. a4 {[%emt 0:04:21]} Bf8 {[%emt 0:11:57]} 20. Ba6 {[%emt 0:02:42]} Bb7 {[%emt 0:01:38]} 21. Bb5 {[%emt 0:00:21]} Bc6 {[%emt 0:00:06]} 22. Ba6 {[%emt 0:00:18]} Bb7 {[%emt 0:00:36]} 1/2-1/2

[Event "Vienna Chess Open 2019"]
[Site "Vienna"]
[Date "2019.08.23"]
[Round "8.1"]
[White "Schwabeneder, Florian"]
[Black "Morgunov, Daniel"]
[Result "1/2-1/2"]
[WhiteElo "2404"]
[BlackElo "2404"]
[Annotator "NA"]
[PlyCount "61"]
[EventDate "2019.08.17"]
[EventType "swiss"]
[EventCountry "AUT"]
[SourceTitle "playchess.com"]
[Source "ChessBase"]
[SourceQuality "1"]
[TimeControl "40/5400+30:1800+30"]

1. e4 {[%emt 0:00:00]} c5 {[%emt 0:00:00]} 2. Nc3 {[%emt 0:01:03]} a6 {[%emt 0:00:00]} 3. Nf3 {[%emt 0:02:36]} d6 {[%emt 0:00:11]} 4. d4 {[%emt 0:00:38]} cxd4 {[%emt 0:00:05]} 5. Nxd4 {[%emt 0:00:07]} Nf6 {[%emt 0:00:05]} 6. Be2 {[%emt 0:00:30]} e5 {[%emt 0:00:40]} 7. Nb3 {[%emt 0:00:32]} Be7 {[%emt 0:00:44]} 8. Bg5 {[%emt 0:01:31]} Be6 {[%emt 0:03:52]} 9. Bxf6 {[%emt 0:01:44]} Bxf6 {[%emt 0:00:06]} 10. Qd3 {[%emt 0:00:12]} O-O {[%emt 0:07:45]} 11. Rd1 {[%emt 0:08:59]} Be7 {[%emt 0:01:36]} 12. Nd5 {[%emt 0:00:50]} Bxd5 {[%emt 0:02:41]} 13. Qxd5 {[%emt 0:00:12]} Qc7 {[%emt 0:02:53]} 14. c3 {[%emt 0:03:15]} Nd7 {[%emt 0:00:20]} 15. O-O {[%emt 0:02:00]} Nf6 {[%emt 0:05:06]} 16. Qd3 {[%emt 0:02:38]} Rfd8 {[%emt 0:03:22]} 17. Bf3 {[%emt 0:11:09]} b5 {[%emt 0:02:14]} 18. Na1 {[%emt 0:18:20]} Qa5 {[%emt 0:16:42]} 19. a3 {[%emt 0:03:08]} Qa4 {[%emt 0:02:19]} 20. Qb1 {[%emt 0:08:24]} Rac8 {[%emt 0:05:24]} 21. Rfe1 {[%emt 0:02:16]} a5 {[%emt 0:09:05]} 22. Nc2 {[%emt 0:02:08]} Qb3 {[%emt 0:00:27]} 23. Rd2 {[%emt 0:11:49]} g6 {[%emt 0:05:06]} 24. Ne3 {[%emt 0:01:03]} Qa4 {[%emt 0:08:47]} 25. g3 {[%emt 0:05:51]} b4 {[%emt 0:08:01]} 26. cxb4 {[%emt 0:02:03]} axb4 {[%emt 0:00:04]} 27. b3 {[%emt 0:00:10]} Qa7 {[%emt 0:04:02]} 28. axb4 {[%emt 0:01:37]} Qb6 {[%emt 0:00:53]} 29. Nc4 {[%emt 0:05:38]} Qxb4 {[%emt 0:00:23]} 30. Qd1 {[%emt 0:00:45]} Kg7 {[%emt 0:04:32]} 31. h4 {[%emt 0:00:21]} 1/2-1/2

[Event "Vienna Chess Open 2019"]
[Site "Vienna"]
[Date "2019.08.23"]
[Round "8.1"]
[White "Kaasen, Tor Fredrik"]
[Black "Cvitan, Ognjen"]
[Result "1/2-1/2"]
[WhiteElo "2373"]
[BlackElo "2493"]
[Annotator "ChessBase"]
[PlyCount "26"]
[EventDate "2019.08.17"]
[EventType "swiss"]
[EventCountry "AUT"]
[SourceTitle "playchess.com"]
[Source "ChessBase"]
[SourceQuality "1"]
[TimeControl "40/5400+30:1800+30"]

1. e4 {[%emt 0:00:00]} c5 {[%emt 0:01:04]} 2. Nf3 {[%emt 0:00:03]} d6 {[%emt 0:03:34]} 3. Bb5+ {[%emt 0:00:11]} Bd7 {[%emt 0:00:11]} 4. Bxd7+ {[%emt 0:00:18]} Qxd7 {[%emt 0:00:07]} 5. c4 {[%emt 0:00:06]} Nf6 {[%emt 0:00:58]} 6. Nc3 {[%emt 0:00:07]} g6 {[%emt 0:00:14]} 7. d4 {[%emt 0:00:21]} cxd4 {[%emt 0:00:05]} 8. Nxd4 {[%emt 0:00:06]} Bg7 {[%emt 0:00:08]} 9. h3 {[%emt 0:00:22]} Qc7 {[%emt 0:00:58]} 10. b3 {[%emt 0:00:24]} Qa5 {[%emt 0:00:13]} 11. Bd2 {[%emt 0:00:06]} Nxe4 {[%emt 0:00:16]} 12. Nxe4 {[%emt 0:00:06]} Qe5 {[%emt 0:00:06]} 13. Qb1 {[%emt 0:00:06]} Bf8 1/2-1/2

[Event "Vienna Chess Open 2019"]
[Site "Vienna"]
[Date "2019.08.23"]
[Round "8.2"]
[White "Palac, Mladen"]
[Black "Stanec, Nikolaus"]
[Result "1/2-1/2"]
[WhiteElo "2551"]
[BlackElo "2483"]
[Annotator "ChessBase"]
[PlyCount "85"]
[EventDate "2019.08.17"]
[EventType "swiss"]
[EventCountry "AUT"]
[SourceTitle "playchess.com"]
[Source "ChessBase"]
[SourceQuality "1"]
[TimeControl "40/5400+30:1800+30"]

1. e4 {[%emt 0:08:45]} c6 {[%emt 0:00:00]} 2. d4 {[%emt 0:00:26]} d5 {[%emt 0:00:00]} 3. Nc3 {[%emt 0:00:14]} g6 {[%emt 0:01:23]} 4. Nf3 {[%emt 0:00:15]} Bg7 {[%emt 0:02:42]} 5. Be2 {[%emt 0:00:14]} dxe4 {[%emt 0:01:04]} 6. Nxe4 {[%emt 0:00:13]} Nf6 {[%emt 0:03:07]} 7. Nxf6+ {[%emt 0:00:35]} exf6 {[%emt 0:00:09]} 8. O-O {[%emt 0:01:05]} O-O {[%emt 0:00:10]} 9. Be3 {[%emt 0:00:53]} Re8 {[%emt 0:00:50]} 10. Re1 {[%emt 0:07:17]} Nd7 {[%emt 0:00:45]} 11. Qd2 {[%emt 0:03:25]} b6 {[%emt 0:09:07]} 12. a4 {[%emt 0:09:04]} a6 {[%emt 0:06:34]} 13. a5 {[%emt 0:12:14]} b5 {[%emt 0:00:15]} 14. c4 {[%emt 0:00:04]} bxc4 {[%emt 0:14:09]} 15. Bxc4 {[%emt 0:02:02]} Bb7 {[%emt 0:00:34]} 16. Qb4 {[%emt 0:06:28]} Bc8 {[%emt 0:11:48]} 17. Qb3 {[%emt 0:10:32]} Re7 {[%emt 0:01:34]} 18. d5 {[%emt 0:03:31]} cxd5 {[%emt 0:04:52]} 19. Bxd5 {[%emt 0:00:06]} Rb8 {[%emt 0:00:05]} 20. Qa2 {[%emt 0:00:29]} Bb7 {[%emt 0:02:08]} 21. Rad1 {[%emt 0:14:25]} Bxd5 {[%emt 0:06:15]} 22. Qxd5 {[%emt 0:00:47]} Qc8 {[%emt 0:02:44]} 23. Rc1 {[%emt 0:01:24]} Qe8 {[%emt 0:00:11]} 24. Red1 {[%emt 0:08:23]} Ne5 {[%emt 0:03:10]} 25. Nxe5 {[%emt 0:01:59]} Rxe5 {[%emt 0:00:09]} 26. Qd2 {[%emt 0:02:28]} Reb5 {[%emt 0:02:38]} 27. Bb6 {[%emt 0:00:34]} f5 {[%emt 0:03:04]} 28. b4 {[%emt 0:00:36]} Qe4 {[%emt 0:03:37]} 29. Rc7 {[%emt 0:03:29]} f4 {[%emt 0:10:00]} 30. Qd7 {[%emt 0:00:45]} Qe6 {[%emt 0:05:15]} 31. Qxe6 {[%emt 0:01:07]} fxe6 {[%emt 0:00:06]} 32. Ra7 {[%emt 0:00:08]} Rxb4 {[%emt 0:00:48]} 33. h3 {[%emt 0:00:55]} e5 {[%emt 0:01:26]} 34. Rxa6 {[%emt 0:00:38]} Re8 {[%emt 0:01:14]} 35. Ra7 {[%emt 0:00:23]} e4 {[%emt 0:00:07]} 36. Rad7 {[%emt 0:00:35]} Bf6 {[%emt 0:02:16]} 37. R7d6 {[%emt 0:01:26]} Be5 {[%emt 0:00:17]} 38. R6d2 {[%emt 0:00:17]} Ra4 {[%emt 0:00:24]} 39. Rc2 {[%emt 0:00:27]} Kf7 {[%emt 0:01:55]} 40. Kf1 {[%emt 0:00:14]} Ra3 {[%emt 0:01:38]} 41. Rc4 {[%emt 0:30:55]} Bb8 {[%emt 0:05:30]} 42. Re1 {[%emt 0:00:00]} e3 {[%emt 0:01:11]} 43. Rc2 1/2-1/2

[Event "Vienna Chess Open 2019"]
[Site "Vienna"]
[Date "2019.08.23"]
[Round "8.2"]
[White "Chyzy, Jakub"]
[Black "Hertneck, Gerald"]
[Result "0-1"]
[WhiteElo "2495"]
[BlackElo "2495"]
[Annotator "ChessBase"]
[PlyCount "86"]
[EventDate "2019.08.17"]
[EventType "swiss"]
[EventCountry "AUT"]
[SourceTitle "playchess.com"]
[Source "ChessBase"]
[SourceQuality "1"]
[TimeControl "40/5400+30:1800+30"]

1. e4 {[%emt 0:00:00]} e6 {[%emt 0:00:00]} 2. d4 {[%emt 0:00:00]} d5 {[%emt 0:00:00]} 3. Nc3 {[%emt 0:00:00]} Bb4 {[%emt 0:00:00]} 4. e5 {[%emt 0:00:00]} Ne7 {[%emt 0:00:00]} 5. Bd2 {[%emt 0:00:00]} b6 {[%emt 0:00:20]} 6. a3 {[%emt 0:00:08]} Bxc3 {[%emt 0:00:06]} 7. Bxc3 {[%emt 0:00:05]} O-O {[%emt 0:01:26]} 8. f4 {[%emt 0:04:01]} c5 {[%emt 0:00:14]} 9. Nf3 {[%emt 0:01:53]} Nf5 {[%emt 0:00:57]} 10. Bd3 {[%emt 0:04:57]} Nc6 {[%emt 0:00:34]} 11. Bxf5 {[%emt 0:05:50]} exf5 {[%emt 0:00:06]} 12. O-O {[%emt 0:00:23]} Be6 {[%emt 0:00:11]} 13. Be1 {[%emt 0:14:47]} Qc7 {[%emt 0:03:06]} 14. Bf2 {[%emt 0:01:05]} Rfc8 {[%emt 0:02:59]} 15. b3 {[%emt 0:08:32]} Ne7 {[%emt 0:02:41]} 16. c3 {[%emt 0:02:37]} a5 {[%emt 0:00:59]} 17. Qd2 {[%emt 0:06:07]} a4 {[%emt 0:00:21]} 18. b4 {[%emt 0:01:14]} cxb4 {[%emt 0:00:06]} 19. cxb4 {[%emt 0:00:08]} Qd7 {[%emt 0:04:08]} 20. Rfc1 {[%emt 0:10:03]} Rc4 {[%emt 0:00:22]} 21. Qb2 {[%emt 0:04:45]} Rac8 {[%emt 0:02:54]} 22. Nd2 {[%emt 0:02:05]} Qb5 {[%emt 0:09:29]} 23. Nxc4 {[%emt 0:03:08]} dxc4 {[%emt 0:00:06]} 24. Be1 {[%emt 0:05:22]} Bd5 {[%emt 0:02:13]} 25. Bc3 {[%emt 0:00:56]} Rc6 {[%emt 0:00:10]} 26. g3 {[%emt 0:10:30]} Rh6 {[%emt 0:03:58]} 27. h4 {[%emt 0:04:42]} Be4 {[%emt 0:01:07]} 28. Kf2 {[%emt 0:03:44]} Nd5 {[%emt 0:00:06]} 29. Rg1 {[%emt 0:03:50]} Qc6 {[%emt 0:02:09]} 30. b5 {[%emt 0:02:30]} Qg6 {[%emt 0:00:06]} 31. Rac1 {[%emt 0:00:28]} Qg4 {[%emt 0:01:19]} 32. Qe2 {[%emt 0:00:27]} Qh3 {[%emt 0:02:52]} 33. Qf1 {[%emt 0:01:16]} Rxh4 {[%emt 0:01:56]} 34. Qxh3 {[%emt 0:00:55]} Rxh3 {[%emt 0:00:07]} 35. Rg2 {[%emt 0:00:28]} h5 {[%emt 0:00:14]} 36. Be1 {[%emt 0:00:20]} Rh1 {[%emt 0:00:57]} 37. Bd2 {[%emt 0:00:41]} Rxc1 {[%emt 0:01:34]} 38. Bxc1 {[%emt 0:00:02]} Bxg2 {[%emt 0:00:07]} 39. Kxg2 {[%emt 0:00:03]} Kf8 {[%emt 0:00:21]} 40. Kf3 {[%emt 0:01:10]} Ke7 {[%emt 0:00:06]} 41. Ke2 {[%emt 0:20:22]} Ke6 {[%emt 0:00:00]} 42. Kd2 {[%emt 0:00:30]} Nc7 {[%emt 0:00:00]} 43. Kc3 {[%emt 0:00:46]} Kd5 {[%emt 0:00:00]} 0-1

[Event "Vienna Chess Open 2019"]
[Site "Vienna"]
[Date "2019.08.23"]
[Round "8.2"]
[White "Zeller, Frank"]
[Black "Janik, Igor"]
[Result "1/2-1/2"]
[WhiteElo "2371"]
[BlackElo "2483"]
[Annotator "ChessBase"]
[PlyCount "70"]
[EventDate "2019.08.17"]
[EventType "swiss"]
[EventCountry "AUT"]
[SourceTitle "playchess.com"]
[Source "ChessBase"]
[SourceQuality "1"]
[TimeControl "40/5400+30:1800+30"]

1. c4 {[%emt 0:00:00]} e5 {[%emt 0:00:00]} 2. Nc3 {[%emt 0:00:13]} Bb4 {[%emt 0:00:00]} 3. Nf3 {[%emt 0:04:25]} Bxc3 {[%emt 0:00:49]} 4. dxc3 {[%emt 0:00:18]} d6 {[%emt 0:01:50]} 5. c5 {[%emt 0:03:51]} Nf6 {[%emt 0:02:07]} 6. cxd6 {[%emt 0:04:30]} cxd6 {[%emt 0:00:09]} 7. g3 {[%emt 0:05:36]} h6 {[%emt 0:01:55]} 8. Bg2 {[%emt 0:00:27]} O-O {[%emt 0:00:28]} 9. O-O {[%emt 0:00:36]} Nc6 {[%emt 0:01:51]} 10. b3 {[%emt 0:01:26]} d5 {[%emt 0:01:50]} 11. c4 {[%emt 0:03:47]} dxc4 {[%emt 0:07:37]} 12. Bb2 {[%emt 0:01:16]} e4 {[%emt 0:15:07]} 13. Nd2 {[%emt 0:19:07]} cxb3 {[%emt 0:00:34]} 14. Bxf6 {[%emt 0:16:41]} Qxf6 {[%emt 0:00:50]} 15. Nxe4 {[%emt 0:00:07]} Qe5 {[%emt 0:00:53]} 16. Qxb3 {[%emt 0:05:42]} Nd4 {[%emt 0:00:20]} 17. Qd1 {[%emt 0:00:30]} Rd8 {[%emt 0:06:50]} 18. e3 {[%emt 0:00:16]} Nc6 {[%emt 0:02:23]} 19. Qc1 {[%emt 0:03:09]} Bf5 {[%emt 0:03:29]} 20. Qc5 {[%emt 0:06:45]} Qe6 {[%emt 0:02:35]} 21. Nc3 {[%emt 0:00:25]} Rac8 {[%emt 0:01:35]} 22. Nd5 {[%emt 0:01:17]} b6 {[%emt 0:03:05]} 23. Qb5 {[%emt 0:02:33]} Ne5 {[%emt 0:04:46]} 24. Nf4 {[%emt 0:00:27]} Qd6 {[%emt 0:00:10]} 25. h3 {[%emt 0:07:17]} g5 {[%emt 0:06:50]} 26. Rad1 {[%emt 0:00:35]} Qxd1 {[%emt 0:00:08]} 27. Rxd1 {[%emt 0:01:00]} Rxd1+ {[%emt 0:00:06]} 28. Kh2 {[%emt 0:00:03]} gxf4 {[%emt 0:10:53]} 29. Qxe5 {[%emt 0:01:29]} fxg3+ {[%emt 0:00:10]} 30. Qxg3+ {[%emt 0:00:06]} Bg6 {[%emt 0:00:07]} 31. Be4 {[%emt 0:00:13]} Rcc1 {[%emt 0:01:11]} 32. Qb8+ {[%emt 0:00:15]} Kg7 {[%emt 0:01:28]} 33. Qe5+ {[%emt 0:00:32]} Kh7 {[%emt 0:02:10]} 34. Qe7 {[%emt 0:02:05]} Kg7 {[%emt 0:00:43]} 35. Qe5+ {[%emt 0:00:16]} Kh7 {[%emt 0:00:17]} 1/2-1/2

[Event "Vienna Chess Open 2019"]
[Site "Vienna"]
[Date "2019.08.23"]
[Round "8.3"]
[White "Bick, Gabriel"]
[Black "Dastan, Muhammed Batuhan"]
[Result "1-0"]
[WhiteElo "2375"]
[BlackElo "2582"]
[Annotator "ChessBase"]
[PlyCount "53"]
[EventDate "2019.08.17"]
[EventType "swiss"]
[EventCountry "AUT"]
[SourceTitle "playchess.com"]
[Source "ChessBase"]
[SourceQuality "1"]
[TimeControl "40/5400+30:1800+30"]

1. e4 {[%emt 0:00:00]} c5 {[%emt 0:00:00]} 2. Nf3 {[%emt 0:00:00]} d6 {[%emt 0:00:00]} 3. d4 {[%emt 0:00:00]} cxd4 {[%emt 0:00:00]} 4. Nxd4 {[%emt 0:00:00]} Nf6 {[%emt 0:00:00]} 5. f3 {[%emt 0:00:02]} e5 {[%emt 0:00:11]} 6. Nb3 {[%emt 0:00:07]} Be6 {[%emt 0:00:10]} 7. c4 {[%emt 0:00:08]} Nbd7 {[%emt 0:00:19]} 8. Nc3 {[%emt 0:00:11]} Rc8 {[%emt 0:02:45]} 9. Be3 {[%emt 0:00:11]} Bxc4 {[%emt 0:00:03]} 10. Bxc4 {[%emt 0:00:11]} Rxc4 {[%emt 0:00:03]} 11. Qd3 {[%emt 0:00:12]} Rc6 {[%emt 0:00:04]} 12. g4 {[%emt 0:01:05]} Be7 {[%emt 0:10:24]} 13. O-O-O {[%emt 0:00:31]} O-O {[%emt 0:07:11]} 14. Kb1 {[%emt 0:01:08]} a6 {[%emt 0:28:22]} 15. h4 {[%emt 0:02:03]} b5 {[%emt 0:01:19]} 16. g5 {[%emt 0:05:30]} Ne8 {[%emt 0:13:20]} 17. Nd5 {[%emt 0:03:09]} Rc4 {[%emt 0:03:30]} 18. Qd2 {[%emt 0:17:15]} Rc8 {[%emt 0:03:15]} 19. Na5 {[%emt 0:07:50]} Nb8 {[%emt 0:01:39]} 20. Rc1 {[%emt 0:04:06]} Rc5 {[%emt 0:04:30]} 21. Bxc5 {[%emt 0:05:42]} dxc5 {[%emt 0:00:04]} 22. Nb7 {[%emt 0:02:02]} Qd7 {[%emt 0:00:01]} 23. Nxc5 {[%emt 0:00:54]} Bxc5 {[%emt 0:00:28]} 24. Rxc5 {[%emt 0:00:04]} Nd6 {[%emt 0:00:07]} 25. Rd1 {[%emt 0:08:01]} Rd8 {[%emt 0:00:30]} 26. Nb6 {[%emt 0:06:13]} Qb7 {[%emt 0:01:16]} 27. Rd5 {[%emt 0:02:13]} 1-0

[Event "Vienna Chess Open 2019"]
[Site "Vienna"]
[Date "2019.08.23"]
[Round "8.3"]
[White "Schreiner, Peter"]
[Black "Paltrinieri, Nicholas"]
[Result "1/2-1/2"]
[WhiteElo "2310"]
[BlackElo "2481"]
[Annotator "ChessBase"]
[PlyCount "81"]
[EventDate "2019.08.17"]
[EventType "swiss"]
[EventCountry "AUT"]
[SourceTitle "playchess.com"]
[Source "ChessBase"]
[SourceQuality "1"]
[TimeControl "40/5400+30:1800+30"]

1. Nf3 {[%emt 0:00:28]} e6 {[%emt 0:00:00]} 2. g3 {[%emt 0:00:05]} f5 {[%emt 0:00:00]} 3. Bg2 {[%emt 0:00:03]} Nf6 {[%emt 0:00:00]} 4. O-O {[%emt 0:00:07]} d6 {[%emt 0:00:00]} 5. d4 {[%emt 0:00:28]} Be7 {[%emt 0:00:00]} 6. c4 {[%emt 0:00:14]} O-O {[%emt 0:00:00]} 7. Nc3 {[%emt 0:00:05]} Ne4 {[%emt 0:00:05]} 8. Qc2 {[%emt 0:02:29]} Nxc3 {[%emt 0:00:05]} 9. Qxc3 {[%emt 0:02:55]} a5 {[%emt 0:00:05]} 10. c5 {[%emt 0:18:19]} Bf6 {[%emt 0:17:18]} 11. cxd6 {[%emt 0:07:10]} cxd6 {[%emt 0:00:08]} 12. b3 {[%emt 0:00:41]} Bd7 {[%emt 0:17:31]} 13. Ba3 {[%emt 0:08:51]} Qb6 {[%emt 0:00:28]} 14. e3 {[%emt 0:06:35]} Rc8 {[%emt 0:01:07]} 15. Qd2 {[%emt 0:05:47]} Na6 {[%emt 0:00:04]} 16. Rfc1 {[%emt 0:01:28]} Nc7 {[%emt 0:09:12]} 17. Ne1 {[%emt 0:06:08]} Be7 {[%emt 0:07:38]} 18. Nd3 {[%emt 0:05:12]} Bf8 {[%emt 0:01:35]} 19. h4 {[%emt 0:03:06]} Be8 {[%emt 0:11:19]} 20. Nf4 {[%emt 0:03:53]} Nb5 {[%emt 0:11:46]} 21. Bb2 {[%emt 0:02:17]} d5 {[%emt 0:00:04]} 22. a4 {[%emt 0:08:04]} Nd6 {[%emt 0:01:00]} 23. Ba3 {[%emt 0:06:35]} Rxc1+ {[%emt 0:07:02]} 24. Qxc1 {[%emt 0:03:28]} Bd7 {[%emt 0:00:04]} 25. Qb2 {[%emt 0:02:30]} Rc8 {[%emt 0:00:04]} 26. Bc5 {[%emt 0:01:03]} Qc7 {[%emt 0:00:55]} 27. Nd3 {[%emt 0:01:31]} b6 {[%emt 0:00:31]} 28. Ba3 {[%emt 0:00:14]} Qc3 {[%emt 0:01:49]} 29. Ne5 {[%emt 0:00:52]} Qxb2 {[%emt 0:00:32]} 30. Bxb2 {[%emt 0:00:02]} Be8 {[%emt 0:05:15]} 31. Rc1 {[%emt 0:00:46]} Rxc1+ {[%emt 0:00:05]} 32. Bxc1 {[%emt 0:00:04]} Nf7 {[%emt 0:02:12]} 33. Nd3 {[%emt 0:00:45]} Bd6 {[%emt 0:00:39]} 34. Bd2 {[%emt 0:02:10]} Kf8 {[%emt 0:01:17]} 35. Kf1 {[%emt 0:01:01]} Ke7 {[%emt 0:00:22]} 36. Ke2 {[%emt 0:00:39]} h6 {[%emt 0:00:28]} 37. Kd1 {[%emt 0:01:09]} g5 {[%emt 0:00:30]} 38. hxg5 {[%emt 0:00:01]} hxg5 {[%emt 0:00:05]} 39. Bf1 {[%emt 0:01:11]} g4 {[%emt 0:01:10]} 40. Nf4 {[%emt 0:00:31]} Ng5 {[%emt 0:00:55]} 41. Bd3 {[%emt 0:01:14]} 1/2-1/2